000 00272nam a22000977a 4500
082 _a669.3 COP'P
245 _aCOPPER AND COPPER BASE POWDER ALLOYS A LITERATED SURVEY OF RECENT TECHNICAL ADVANCES
260 _aNEWJERSCY
_bMETAL POWDER
_c1976
300 _a464P
942 _cBK
999 _c582094
_d582094